000 00319nam a2200145Ia 4500
100 _aZurawski/Richard
650 _aEmbedded
942 _cRB
366 _f20
245 _aEmbedded sytems design and verification
260 _bCRC Press
_c2009
082 _a3.3
_bZUR
546 _aENGLISH
_cPAMPHALETS
999 _c24653
_d24653